| 000 | 01998nam a2200313 i 4500 | ||
|---|---|---|---|
| 005 | 20250329165435.0 | ||
| 007 | ta | ||
| 008 | 190415s2020 000 0 eng d | ||
| 040 |
_aCO-CtgCURN _bspa _ccoctgcurn _erda |
||
| 082 | 0 |
_aENF 2020 _bR758 |
|
| 100 | 1 |
_aRomán Beltrán, Cesar Augusto, _eauthor. _4aut |
|
| 245 | 1 | 0 |
_aConocimientos y prácticas sobre menarquia en adolescentes del corregimiento de San Basilio de Palenque (municipio de Mahates, Bolívar). 2020 / _cCesar Augusto Román Beltrán; Greini Genes Ballesta; Daniela Candelaria Genes Ortiz; Yeini Lorena Gómez Rentería; Directora Moraima del Toro Rubio; Zorayda Barrios Puerta. |
| 260 |
_aCartagena de Indias : _bCorporación Universitaria Rafael Núñez, _c2020. |
||
| 300 | _a109 hojas. | ||
| 336 |
_atext _btxt _2rdacontent |
||
| 337 |
_aunmediated _bn _2rdamedia |
||
| 338 |
_avolume _bnc _2rdacarrier |
||
| 504 | _aTrabajo de grado (Enfermera). Corporación Universitaria Rafael Nuñez. Facultad de Ciencias de la Salud. Programa de Enfermería, 2020. | ||
| 520 | _a"Uno de los cambios con más impacto en la vida de las mujeres que pasan de la niñez a la adolescencia es la menarquía. A pesar de su importancia, este tema suele estar rodeado de estigma y vergüenza social, lo que conduce a actitudes negativas y desinformación. Así, es necesario indagar lo que conocen y lo que llevan a cabo las adolescentes en este sentido" | ||
| 650 | 0 |
_aEnfermería _vTesis y disertaciones academicas. |
|
| 700 | 1 | _aGenes Ballesta, Greini. | |
| 700 | 1 | _aGenes Ortiz, Daniela Candelaria. | |
| 700 | 1 | _aGómez Rentería, Yeini Lorena. | |
| 700 | 1 |
_aBarrios Puerta, Zorayda, _edirectora. |
|
| 700 | 1 |
_aToro Rubio, Moraima del, _edirectora. |
|
| 856 |
_uhttps://unicurn.sharepoint.com/:b:/s/biblioteca/EcHDwf1MC1VIowbetVCKrBoB24a2MqiH2X4ZNO-J36MnuA?e=aVvg5Y _zClick aqui para ver el recurso en texto completo |
||
| 942 |
_2ddc _cTG _hENF 2020 _iR758 |
||
| 999 |
_c4061 _d4061 |
||